000 00623nam a2200169 a 4500
001 000034231
005 20200930070904.0
008 110928s1947 dr 000 0 spa d
040 _aDO-SdBNP
_bspa
_cBNPHU
100 1 _aAdams, Henry,
_d1838-1918.
_912860
245 1 0 _aThe formative years :
_ba history of the United States during the administrations of Jefferson and Madison, /
_cby Henry Adams. Condensed and edited by Herbert Agar.
260 _aBostón :
_bHoughton Miffelin Company,
_c1947.
300 _av. ;
_c24 cm.
500 _aIncluye índice
700 1 _aAgar, Herbert,
_d1897-1980,
_eed.
_959650
049 _aBNPD
999 _c33722
_d33722